<?xml version="1.0" encoding="UTF-8"?>
<record
    xmlns:xsi="http://www.w3.org/2001/XMLSchema-instance"
    xsi:schemaLocation="http://www.loc.gov/MARC21/slim http://www.loc.gov/standards/marcxml/schema/MARC21slim.xsd"
    xmlns="http://www.loc.gov/MARC21/slim">

  <leader>00858nam a22002777a 4500</leader>
  <datafield tag="999" ind1=" " ind2=" ">
    <subfield code="c">134917</subfield>
    <subfield code="d">134917</subfield>
  </datafield>
  <controlfield tag="003">dpl</controlfield>
  <controlfield tag="005">20190906185253.0</controlfield>
  <controlfield tag="008">190820b           ||||| |||| 00| 0 eng d</controlfield>
  <datafield tag="010" ind1=" " ind2=" ">
    <subfield code="a">B-189820 , B-189823</subfield>
  </datafield>
  <datafield tag="020" ind1=" " ind2=" ">
    <subfield code="c"> 425.00</subfield>
    <subfield code="a">0070601275</subfield>
  </datafield>
  <datafield tag="035" ind1=" " ind2=" ">
    <subfield code="a">B-189820</subfield>
  </datafield>
  <datafield tag="035" ind1=" " ind2=" ">
    <subfield code="a">B-189823</subfield>
  </datafield>
  <datafield tag="037" ind1=" " ind2=" ">
    <subfield code="b">Cen Lib/Ret</subfield>
  </datafield>
  <datafield tag="037" ind1=" " ind2=" ">
    <subfield code="b">BPPD/PUB</subfield>
  </datafield>
  <datafield tag="040" ind1=" " ind2=" ">
    <subfield code="a">DPL</subfield>
    <subfield code="b">EN</subfield>
    <subfield code="c">dpl</subfield>
  </datafield>
  <datafield tag="082" ind1=" " ind2=" ">
    <subfield code="a">005.754</subfield>
    <subfield code="b">VAS</subfield>
  </datafield>
  <datafield tag="100" ind1=" " ind2=" ">
    <subfield code="a">Vaswani, Vikram </subfield>
    <subfield code="9">42152</subfield>
  </datafield>
  <datafield tag="245" ind1=" " ind2=" ">
    <subfield code="a">How to do everything with PHP &amp; MySQL /</subfield>
    <subfield code="c">by Vikram Vaswani </subfield>
  </datafield>
  <datafield tag="260" ind1=" " ind2=" ">
    <subfield code="a">New Delhi </subfield>
    <subfield code="b">Tata McGraw Hill Publishing Company </subfield>
    <subfield code="c">2005</subfield>
  </datafield>
  <datafield tag="270" ind1=" " ind2=" ">
    <subfield code="b">New Delhi </subfield>
    <subfield code="a">7 west patel nagr </subfield>
    <subfield code="e">110008</subfield>
  </datafield>
  <datafield tag="300" ind1=" " ind2=" ">
    <subfield code="a">xvi, 390p.</subfield>
    <subfield code="c">23cm(pbk)</subfield>
  </datafield>
  <datafield tag="500" ind1=" " ind2=" ">
    <subfield code="a">Includes index </subfield>
  </datafield>
  <datafield tag="650" ind1=" " ind2=" ">
    <subfield code="a">Computer science </subfield>
    <subfield code="9">42153</subfield>
  </datafield>
  <datafield tag="650" ind1=" " ind2=" ">
    <subfield code="a">Programming language (PHP &amp; MySQL)</subfield>
    <subfield code="9">42154</subfield>
  </datafield>
  <datafield tag="942" ind1=" " ind2=" ">
    <subfield code="2">ddc</subfield>
    <subfield code="c">EN</subfield>
    <subfield code="h">005.754</subfield>
    <subfield code="m">VAS</subfield>
  </datafield>
  <datafield tag="952" ind1=" " ind2=" ">
    <subfield code="0">0</subfield>
    <subfield code="1">0</subfield>
    <subfield code="4">0</subfield>
    <subfield code="7">0</subfield>
    <subfield code="a">L</subfield>
    <subfield code="b">L</subfield>
    <subfield code="d">2015-07-31</subfield>
    <subfield code="e">Cen Lib/Ret</subfield>
    <subfield code="g">0.00</subfield>
    <subfield code="l">0</subfield>
    <subfield code="o">005.754 VAS</subfield>
    <subfield code="p">B-189820</subfield>
    <subfield code="r">2015-07-31 00:00:00</subfield>
    <subfield code="t">1</subfield>
    <subfield code="v">0.00</subfield>
    <subfield code="w">2015-07-31</subfield>
    <subfield code="y">EN</subfield>
  </datafield>
  <datafield tag="952" ind1=" " ind2=" ">
    <subfield code="0">0</subfield>
    <subfield code="1">0</subfield>
    <subfield code="2">ddc</subfield>
    <subfield code="4">0</subfield>
    <subfield code="7">0</subfield>
    <subfield code="8">NFIC</subfield>
    <subfield code="a">YV</subfield>
    <subfield code="b">YV</subfield>
    <subfield code="d">2019-07-10</subfield>
    <subfield code="e">BPPD/PUB</subfield>
    <subfield code="g">0.00</subfield>
    <subfield code="l">9</subfield>
    <subfield code="m">13</subfield>
    <subfield code="o">005.754 VAS</subfield>
    <subfield code="p">B-189828</subfield>
    <subfield code="r">2025-05-10 00:00:00</subfield>
    <subfield code="s">2025-04-19</subfield>
    <subfield code="t">1</subfield>
    <subfield code="v">250.00</subfield>
    <subfield code="w">2019-07-10</subfield>
    <subfield code="y">EN</subfield>
  </datafield>
  <datafield tag="952" ind1=" " ind2=" ">
    <subfield code="0">0</subfield>
    <subfield code="1">0</subfield>
    <subfield code="2">ddc</subfield>
    <subfield code="4">0</subfield>
    <subfield code="7">0</subfield>
    <subfield code="8">NFIC</subfield>
    <subfield code="a">RKP</subfield>
    <subfield code="b">RKP</subfield>
    <subfield code="d">2019-08-20</subfield>
    <subfield code="e">BPPD/Purchase</subfield>
    <subfield code="g">425.00</subfield>
    <subfield code="l">0</subfield>
    <subfield code="o">005.754 VAS</subfield>
    <subfield code="p">B-189823</subfield>
    <subfield code="r">2024-03-23 00:00:00</subfield>
    <subfield code="t">1</subfield>
    <subfield code="v">425.00</subfield>
    <subfield code="w">2019-08-20</subfield>
    <subfield code="y">EN</subfield>
  </datafield>
</record>
